[Event "Hamburg FIDE GP"]
[Site "Hamburg"]
[Date "2019.11.07"]
[Round "1.3"]
[White "Yu, Yangyi"]
[Black "Jakovenko, Dmitrij"]
[Result "1-0"]
[WhiteElo "2753"]
[BlackElo "2691"]
[Annotator "Yangyi,Yu"]
[PlyCount "101"]
[EventDate "2019.11.05"]
[EventType "k.o."]
[EventRounds "4"]
[EventCountry "GER"]
[SourceTitle "CBM 193"]
[Source "ChessBase"]
[SourceDate "2019.12.31"]
[SourceVersion "1"]
[SourceVersionDate "2019.12.31"]
[SourceQuality "1"]

{This was the first set of the tiebreak, in which I hoped to fare better than
in the classical chess where I missed a lot of winning chances in the second
game.} 1. c4 Nf6 2. Nc3 c5 3. g3 e6 4. Nf3 b6 5. Bg2 Bb7 6. O-O Be7 7. Re1 (7.
d4 {I know that my opponent has played a lot of games with this line. A litte
selection:} cxd4 8. Qxd4 O-O 9. Rd1 d6 10. Bg5 (10. e4 Nbd7 11. Qe3 Qc7 12. b3
Rad8 13. Nd4 Qb8 14. Bb2 Rfe8 15. Re1 Bf8 16. Qe2 a6 17. Rad1 Qa8 18. Nc2 Rc8
19. Nd4 Nc5 20. f3 h6 21. Qd2 Red8 22. Kh1 Qb8 23. Qe2 Re8 24. Nc2 Qa8 25. Ne3
Bc6 26. Nc2 Bb7 27. Qf2 b5 28. b4 Ncd7 29. cxb5 axb5 30. a3 Qb8 31. Nxb5 Bxe4
32. fxe4 Qxb5 33. Qe2 Qa4 34. Ne3 Ne5 35. Rd2 Nfd7 36. Qd1 Qb5 37. Qe2 Qa4 38.
Qd1 Qb5 39. Rd4 Nc6 40. Rd2 {1/2 (40) Nakamura,H (2816)-Jakovenko,D (2748)
Skopje MKD 2015}) (10. b3 Nbd7 11. Ba3 Nc5 12. b4 (12. Qe3 a6 13. Rac1 Qc7 14.
b4 Ncd7 15. b5 Nc5 16. Bb2 Rfd8 17. bxa6 Rxa6 18. Nb5 Qb8 19. a3 Ra4 20. Bh3
Nfe4 21. Bd4 h6 22. Bg2 Qa8 23. h4 Nf6 24. Ne1 Bxg2 25. Nxg2 Qc6 26. Bb2 d5 27.
Nd4 Qe8 28. cxd5 Nxd5 29. Qf3 Bf6 30. Rb1 Rc4 31. e4 Na4 32. exd5 Nxb2 33. Rxb2
Rxd5 34. Ne3 Rcxd4 35. Rdb1 Rd8 36. Rxb6 Ra4 37. R1b3 Bd4 38. Rb7 Ra5 39. Rc7
Bxe3 40. Rxe3 Qf8 41. Rec3 Rf5 42. Qe4 Qd6 43. Rc8 h5 44. a4 Rxc8 45. Rxc8+ Kh7
46. Rc2 g6 47. Ra2 Qd1+ 48. Kg2 Qb3 49. Rc2 Qb1 50. Qc4 Qe1 51. Rb2 Rd5 52. Qe2
Qc3 53. Rb7 Rf5 54. Rb5 Qc6+ 55. Kg1 Rd5 56. Kh2 Qd7 57. Qc4 Rd2 58. Qf4 Rd5
59. Qb4 Rd4 60. Qb3 Rd3 61. Qb4 Qd4 62. Qxd4 Rxd4 63. Ra5 Rd2 64. Kg2 Ra2 65.
Kf3 Kg7 66. Ke3 Kf6 67. f3 e5 68. Ra6+ Kf5 69. Ra5 f6 70. f4 Ra3+ 71. Kf2 Ke4
72. fxe5 fxe5 73. Ra6 Ra2+ 74. Kf1 Kf5 75. Kg1 e4 76. Kf1 Kg4 77. Rxg6+ Kf3 78.
Rf6+ Kxg3 79. Ke1 Rxa4 80. Ke2 Kxh4 81. Ke3 Kg5 82. Rf8 h4 83. Rh8 Kg4 84. Rg8+
Kh3 85. Kf4 Kh2 86. Rb8 h3 87. Rb2+ Kg1 88. Rb1+ Kf2 89. Rb2+ Kf1 90. Rb1+ Ke2
91. Rb2+ Kd3 92. Rb3+ Kd2 93. Rb2+ Kc3 94. Rb1 Kc2 95. Rb7 h2 96. Rh7 Kd3 97.
Rxh2 e3+ 98. Kf3 Ra1 99. Rh3 e2 {0-1 (99) Martinez Alcantara,J (2596)
-Jakovenko,D (2681) Khanty-Mansiysk RUS 2019}) 12... Ncd7 13. Rac1 a6 14. Nd2
Bxg2 15. Kxg2 Qc7 16. Nde4 Rfc8 17. Nxd6 Bxd6 18. Qxd6 Qxd6 19. Rxd6 Rxc4 20.
Na4 Rxc1 21. Bxc1 b5 22. Nc5 Nxc5 23. bxc5 Kf8 24. f3 Ke8 25. Bb2 Rc8 26. Rxa6
Rxc5 27. Kf2 Rc2 28. Be5 Rc5 29. Ra8+ Kd7 30. Ra7+ Ke8 31. Ra8+ Kd7 32. Ra7+
Ke8 33. Bd6 Rc6 34. Ra8+ Kd7 35. Bf8 g6 36. Rb8 Ra6 37. a3 Kc6 38. Bb4 Nd5 39.
Rc8+ Kb6 40. Rh8 h5 41. Rf8 Ra7 42. h4 Kc6 43. e4 Nxb4 44. axb4 Kd6 45. Rb8
Ra2+ 46. Kg1 Ra1+ 47. Kg2 Ra2+ 48. Kh3 Rf2 49. f4 Re2 50. Rxb5 Ke7 51. e5 Kf8
52. Rb8+ Kg7 53. b5 Rb2 54. Rb7 Kg8 55. Rb6 Kh7 56. Rb8 Kg7 57. b6 Kh7 58. Rb7
Kg7 59. Rb8 Kh7 60. Rf8 Kg7 {1/2 (60) Nakamura, H (2785)-Jakovenko,D (2709)
Sharjah UAE 2017}) 10... Nc6 (10... Nbd7 11. Nb5 d5 12. cxd5 Bxd5 13. Nc3 Bc6
14. Qc4 Qc8 15. Rac1 h6 16. Bxf6 Bxf6 17. e4 Ne5 18. Nxe5 Bxe5 19. f4 Bxc3 20.
Qxc3 Bb5 21. Qa3 Qa6 22. Qxa6 Bxa6 23. e5 Rac8 24. Be4 Rxc1 25. Rxc1 Rc8 26.
Rd1 Bb5 27. Kf2 Kf8 28. Ke3 Ke7 29. g4 Rc5 30. h4 Bc6 31. b4 Rc4 32. Bxc6 Rxc6
33. Rd3 Rc4 34. Ra3 Rxb4 35. Rxa7+ Kf8 36. h5 f6 37. exf6 gxf6 38. Rh7 e5 39.
fxe5 fxe5 40. Rxh6 Rxg4 41. Rxb6 Ra4 42. Rb2 Rh4 43. Kd3 {1/2 (43) Eljanov,P 
(2717)-Jakovenko,D (2748) Schwaebisch Hall GER 2015}) 11. Qd2 (11. Qf4 Qb8 12.
Nb5 Ne5 13. Bxf6 Bxf6 14. Nxd6 Nxf3+ 15. Bxf3 Bxf3 16. Qxf3 Bxb2 17. Rab1 Be5
18. c5 Qc7 19. Qe4 Qxc5 20. Rbc1 Bxd6 21. Rxc5 Bxc5 22. Qd3 a5 23. a4 Rae8 24.
Kg2 e5 25. Qe4 Re6 26. Rd5 Rfe8 27. g4 h6 28. e3 g6 29. h4 Kg7 30. Kf1 Kg8 31.
Ke2 Kg7 32. Kf1 Kg8 33. Kg1 Kh8 34. Rd7 R6e7 35. Rd1 Kg7 36. Kg2 Re6 37. Rd5
Kh8 38. g5 hxg5 39. hxg5 Kg8 40. Kg3 Bf8 41. Rd7 R6e7 42. Rd1 Re6 43. Kg2 Bc5
44. Rh1 Bf8 45. Qh4 Bg7 46. Qe4 Bf8 47. Rb1 Bb4 48. Rh1 {1/2 (48) Giri,A (2768)
-Jakovenko,D (2747) Tashkent UZB 2014}) 11... Qb8 12. h3 Rd8 13. Rac1 h6 14.
Be3 Rd7 15. b3 Qf8 16. Nd4 Nxd4 17. Bxd4 Bxg2 18. Kxg2 Rc8 19. e4 Ne8 20. Qe2
Bf6 21. Be3 Qe7 22. Rd3 Rdd8 23. Qd2 Qb7 24. f3 Be5 25. a4 a6 26. Rd1 Bf6 27.
h4 Rc6 28. Bd4 Bxd4 29. Rxd4 Rdc8 30. g4 Rc5 31. Rd3 Qe7 32. Qf2 g5 33. hxg5
hxg5 34. Qd4 R8c6 35. Na2 b5 36. Nb4 Rc8 37. Nxa6 bxc4 38. Nxc5 cxd3 39. Nxd3
Rc2+ 40. Nf2 e5 41. Qd3 Qc7 42. b4 Rb2 43. Rb1 Ra2 44. Qe3 Ng7 45. Rc1 Qd8 46.
Qb3 Rd2 47. Rd1 Rxd1 48. Qxd1 Qb6 49. Qd2 Ne6 50. Nh3 Kg7 51. a5 Qa6 52. Qa2
Kg6 53. b5 Qxb5 54. a6 Nc7 55. a7 Qb7 56. Nf2 Na6 57. Nd3 Qxa7 58. Nb4 Qb6 59.
Nxa6 Kg7 60. Qc4 Qb2+ 61. Kf1 Qa1+ 62. Kf2 Qb2+ 63. Ke3 Qb6+ 64. Kd2 Qb2+ 65.
Qc2 Qb6 66. Qd3 Qb2+ 67. Kd1 Qa1+ 68. Ke2 Qb2+ 69. Kf1 Qa1+ 70. Kf2 Qb2+ 71.
Qe2 Qb6+ 72. Kg2 Qa5 73. Kh3 Qb6 74. Qa2 Qe3 75. Kg2 Qb6 76. Qa3 Qd4 77. Qb3
Qd2+ 78. Kf1 Qc1+ 79. Ke2 Qg1 80. Nb4 Qg2+ 81. Kd1 Qf1+ 82. Kc2 Qe2+ 83. Kb1
Qe1+ 84. Kb2 Qd2+ 85. Ka3 Qc1+ 86. Ka4 Qc5 87. Qd5 Qb6 88. Qc6 Qd4 89. Kb5 Qd2
90. Qd5 {1-0 (90) Eljanov, P (2702)-Jakovenko,D (2724) Tromso NOR 2013}) 7...
d5 8. d4 dxc4 9. e4 $5 $146 {A new idea. White sacrifices a pawn to obtain a
very complicated situation, with compensation!} cxd4 (9... Nc6 10. d5 Nb4 11.
Bg5 (11. Qe2 $5) (11. Ne5 $5) 11... O-O 12. d6 Qxd6 13. Qxd6 Bxd6 14. e5 $14)
10. Nxd4 O-O 11. e5 Bxg2 (11... Nd5 12. Qg4 $44) 12. Kxg2 Nd5 (12... Nfd7 $5
13. Qg4) (12... Ne8 $5) 13. Qg4 Kh8 14. Rd1 Na6 15. Nf5 exf5 16. Qxf5 Nab4 17.
Nxd5 Nd3 (17... Nxd5 18. Qf3 Qc8 19. Rxd5 f6 $11) 18. Nf4 g6 19. Qg4 (19. Qe4
Nxf2 20. Rxd8 Nxe4 21. Rd4 f5 $11) 19... Nxe5 20. Qe2 Nd3 $2 {Perhaps due to
lack of time (rapid!), my opponent makes a mistake here leaving him in a
passive situation. .} (20... Bd6 21. Bd2 Re8 (21... Qd7 22. Bc3 Qc6+ 23. Nd5 f6
24. Qe4 $40) 22. Bc3 f6 23. Nd5 $40) (20... Qb8 $1 21. Nd5 Re8 22. b3 (22. Bf4
Bf8 23. Rac1 Bg7 $11) 22... Bf8 23. bxc4 Qb7 24. Bb2 Bg7 $11) 21. Nxd3 cxd3 22.
Rxd3 {White has an advantage because his rook is very well placed.} Qc7 23. Bh6
$6 ({More precise is} 23. Qf3 $5 $16) 23... Rfe8 ({The only chance for Black
here was} 23... Rfd8 24. Rc1 Qb7+ 25. Qf3 Qxf3+ 26. Rxf3 f5 27. Rc7 $14) 24.
Qf3 $1 Bf8 25. Rc1 Qe7 26. Re3 Qd7 27. Rd1 Qc7 (27... Qf5 28. Qxf5 gxf5 29.
Rxe8 Rxe8 30. Bxf8 Rxf8 31. Rd7 a5 32. Rb7 a4 33. Rxb6 $18) 28. Bxf8 Rxf8 29.
Qf6+ Kg8 30. Re7 $18 {Here, due to the active placement of all White's major
pieces, winning the game is easy.} Qc2 31. Rdd7 Qf5 32. Qxf5 gxf5 33. Rxa7 Rxa7
34. Rxa7 Rd8 35. Ra6 Rd6 36. Kf3 Kg7 37. Ke3 Re6+ 38. Kd3 f4 39. a4 Rh6 40. a5
Rxh2 41. Rxb6 Rxf2 42. gxf4 Rxf4 43. b4 h5 44. a6 Rf3+ 45. Ke2 Ra3 46. b5 f6
47. Rb7+ Kg6 48. a7 Ra2+ 49. Kd3 h4 50. b6 h3 51. Rb8 {Finally, I was very
happy to win this game and advance to the next round!} 1-0

[Event "RUS-Cup3"]
[Site "Omsk"]
[Date "1996.??.??"]
[Round "3"]
[White "Khasin, Alexander"]
[Black "Sherbakov, Vitaly S"]
[Result "1/2-1/2"]
[WhiteElo "2530"]
[BlackElo "2370"]
[Annotator "Yudasin,L"]
[PlyCount "90"]
[EventDate "1996.12.13"]
[EventType "swiss"]
[EventRounds "9"]
[EventCountry "RUS"]
[SourceTitle "CBM 057"]
[Source "ChessBase"]
[SourceDate "1997.04.01"]
[SourceVersion "1"]
[SourceVersionDate "1997.04.01"]
[SourceQuality "1"]

1. c4 c5 2. Nf3 Nc6 3. d4 cxd4 4. Nxd4 e5 5. Nb5 d6 6. g3 Be6 7. b3 a6 8. N5c3
$14 f5 $6 (8... Be7 {with simply Nf6 and 0-0}) 9. Bg2 Nf6 10. O-O Be7 11. Nd5
Bxd5 12. cxd5 $14 Nb8 13. Nd2 $1 {the knight will be best placed on c4} O-O 14.
e4 $6 (14. a4 a5 15. Nc4 {with Bd2-Qc2 seems like a very good position for
white}) 14... fxe4 15. Bxe4 (15. Nxe4 Nxe4 16. Bxe4 Nd7) 15... Nxe4 16. Nxe4
Nd7 17. Qg4 $1 {threatening Nxd6 and Ba3} Kh8 18. Qe6 Nf6 19. Ng5 Qe8 20. Ba3
h6 $8 (20... Qd7 $2 21. Nf7+ Kg8 22. Nxd6+) 21. Nf3 Nd7 22. Nd2 Rf6 $14 {
white has allowed a big part of his advantage to disappear,maybe is was better
to take on e4 with the knight but probably e4 itself was the best move} 23. Qg4
h5 $5 24. Qh3 Rh6 25. Ne4 {with the idea Bc1} {here was a critical moment
white could have simply taken on d6 with just what seems to be a better
position} Nf6 $1 26. Nxf6 (26. Nc3 Qc8 $1 $11) (26. Nxd6 $1 Qf8 {after 26...
Bxd6 27.Bxd6 Nxd5 28.Ba3 white has a better position without any quesstions,
but also here white is better} 27. Qe6 Kh7 $8 28. Qxe5 Nd7 29. Qe4+ $1 Kh8 (
29... Rg6 30. Nf5 Bxa3 31. Nh4) 30. Nf5 Bxa3 31. Nxh6 $16) 26... Rxf6 27. Rac1
Bd8 {black idea is to play Kh7-Qf7} 28. Rc8 Rxc8 29. Qxc8 Qe7 $8 30. Bc1 $2 (
30. Rc1 $142) 30... Rf8 31. Qh3 Qf7 32. Be3 (32. Rd1 Qf3) 32... Qxd5 $1 33.
Qxh5+ Kg8 34. Qg4 Bc7 $8 35. Rc1 Qf7 36. Qb4 Bb8 37. Qg4 Bc7 38. f4 (38. h4 $5)
38... d5 $1 39. fxe5 Bxe5 40. Bd4 Bxd4+ 41. Qxd4 Re8 $11 42. Rf1 Qe6 43. Rd1
Rc8 44. Rd2 Qf5 45. Kg2 Kh8 1/2-1/2

[Event "Hoogovens-B"]
[Site "Wijk aan Zee"]
[Date "1997.01.26"]
[Round "5"]
[White "Kalinin, Alexander"]
[Black "Janssen, Ruud"]
[Result "1-0"]
[WhiteElo "2425"]
[BlackElo "2350"]
[Annotator "Yudasin,L"]
[PlyCount "87"]
[EventDate "1997.01.21"]
[EventType "tourn"]
[EventRounds "11"]
[EventCountry "NED"]
[EventCategory "10"]
[SourceTitle "CBM 057"]
[Source "ChessBase"]
[SourceDate "1997.04.01"]
[SourceVersion "1"]
[SourceVersionDate "1997.04.01"]
[SourceQuality "1"]

1. Nf3 Nf6 2. c4 e6 3. Nc3 c5 4. g3 b6 5. Bg2 Bb7 6. O-O d6 7. Re1 Nbd7 (7...
Ne4) (7... Be7 8. e4 e5) 8. e4 Qc7 (8... Ne5 $5 9. d4 Nxf3+ 10. Bxf3 cxd4 11.
Qxd4 Be7) 9. d4 $1 cxd4 10. Nxd4 Qxc4 $2 (10... a6 11. Be3 Be7 12. Rc1 O-O $14)
11. Be3 $1 {[%cal Ga1c1,Gc3d5]} e5 (11... Rc8 12. Rc1 $6 (12. Ndb5 $1 {Xa7,Xd6}
) 12... Qc7 {with Qb8 was a better defence}) (11... a6 12. Rc1) (11... Qc7 12.
Ncb5 (12. Rc1 Rc8 13. Nd5 $1 Qd8 (13... Qb8 14. Nxf6+ Nxf6 15. Rxc8+ Bxc8 16.
Nc6 $16) 14. Nxf6+ gxf6 (14... Nxf6 15. Qa4+ {with Qxa7+/-}) (14... Qxf6 15.
Rxc8+ Bxc8 16. Nb5 $16) 15. Qh5 $44) 12... Qd8 13. Rc1 Rc8 (13... Nc5 14. b4
Na6 (14... a6 $13)) 14. e5 $1 Rxc1 15. Qxc1 Bxg2 16. exf6 $18 {[%cal Gb5c7]})
12. Ndb5 a6 (12... Nxe4 13. Nxe4 Qxb5 14. Nxd6+ Bxd6 15. Bxb7 Rb8 16. Qxd6 Rxb7
17. Rac1 $18) (12... Be7 $1 13. Nxd6+ $16) 13. Nxd6+ Bxd6 14. Qxd6 Qe6 15. Rad1
Qxd6 16. Rxd6 Ke7 17. Red1 $16 {Xb6,that is way is was better to play 12...Be7
so the a pawn would stand on a7 not a6} Rhd8 (17... b5 18. f3 {[%cal Gg2f1,
Gb2b4,Ga2a4]}) 18. f3 Ne8 19. R6d2 Nc5 (19... b5 20. a4 bxa4 (20... b4 21. Nd5+
) 21. Nxa4) 20. b4 $1 Rxd2 21. Rxd2 Nd7 22. Na4 $1 Rd8 $2 (22... b5 23. Nc5
Nxc5 (23... Bc6 24. Nxd7 Bxd7 25. Bc5+ Kd8 26. Rd5 $1 Nf6 (26... f6 $2 27. Bh3
$18) 27. Rxe5 Be6 28. Bd4 $16) 24. Bxc5+) 23. Nxb6 $18 Nxb6 24. Rxd8 Kxd8 25.
Bxb6+ Kd7 26. Bf1 Kc6 27. Be3 Nd6 28. a4 Bc8 29. Kf2 f6 30. Ke1 Kb7 {with idea
Bd7} 31. Bc5 Ne8 32. Bc4 Bd7 33. Bb3 Nc7 34. Kd2 (34. Bf8) 34... Be6 (34... Ne6
35. Be3) 35. Bc2 Ba2 36. Kc3 Ne6 37. Be3 Nd8 38. Bd3 Be6 39. Bc4 g6 $2 40. Bc5
Bxc4 41. Kxc4 Ne6 42. Kd5 Ng5 43. f4 Nf3 44. h3 1-0

[Event "Jakarta"]
[Site "Jakarta"]
[Date "1996.??.??"]
[Round "?"]
[White "Ardiansyah, Haji"]
[Black "Gunawan, Ronny"]
[Result "0-1"]
[WhiteElo "2430"]
[BlackElo "2425"]
[Annotator "Yudasin,L"]
[PlyCount "60"]
[EventDate "1996.08.28"]
[EventType "tourn"]
[EventRounds "11"]
[EventCountry "INA"]
[EventCategory "10"]
[SourceTitle "CBM 057"]
[Source "ChessBase"]
[SourceDate "1997.04.01"]
[SourceVersion "1"]
[SourceVersionDate "1997.04.01"]
[SourceQuality "1"]

1. d4 Nf6 2. c4 e6 3. Nf3 b6 4. g3 c5 5. Bg2 Bb7 6. O-O (6. d5 exd5 7. Nh4 b5 (
7... Na6 {with Nc7+/=}) 8. Nc3 $16) 6... cxd4 7. Qxd4 d6 (7... Be7 {with Nc6
and Qb8 is another plan}) 8. Nc3 a6 9. b3 (9. Bg5) (9. Ng5) 9... Nbd7 10. Bb2
Be7 $11 11. Rfd1 O-O 12. e4 (12. Nd2 {with Nde4}) 12... Qc7 13. Rac1 Rfd8 14.
h3 (14. Ba3 Ne8 {with Bc5 and Nc5}) 14... Rac8 15. g4 $6 {just weakening to
much the f4 square without really a justified reason since white does not
really had an attack in this position} Bf8 16. Qe3 Qb8 17. Nd4 Ba8 18. f4 $2 (
18. Re1 $1 {with the idea f4-g5 could justify g4,but white played f4 too
quickly}) {[%tqu "En","what is the correct positional move in the position?",
"","","e6e5","",3]} 18... e5 $1 19. Nf5 (19. fxe5 $4 dxe5 $19 {if the knight
moves then Bc5}) {[%tqu "En","you thought 18...e5 was correct but now let's
see how are you in complicated position can you find black's next move....it
is not easy!! calculate well","","","d6d5","",10]} 19... d5 $1 20. fxe5 $8 Bc5
21. Nd4 Qxe5 $17 {white's king is open,while it seems all black pieces will
attack soon} 22. cxd5 (22. Na4 dxe4 23. Nxc5 $2 bxc5 $19 (23... Nxc5 $2 24. Nc6
)) 22... Nxd5 23. Nxd5 Bxd5 24. Kh1 $2 {white can not allow himself to play
such kind of moves ,and indeed after black's reply white is about losing} Nf6
$19 25. Rxc5 (25. Re1 Re8) 25... Rxc5 (25... bxc5 26. Nc6 Qxb2 27. Nxd8 Ba8 $17
) 26. Nc6 Qxb2 27. Nxd8 Rc2 28. Bf3 (28. Rg1 Bxe4) (28. exd5 Rxg2 29. Qf3 Rf2
30. Qg3 Qe2) 28... Qe5 29. Rd2 Rxd2 30. Qxd2 Nxe4 {there is no point in
continuaing this fight} 0-1

[Event "Voronezh op-A 14th"]
[Site "Voronezh"]
[Date "2010.06.16"]
[Round "5"]
[White "Zakhartsov, Viacheslav V"]
[Black "Gabrielian, Artur"]
[Result "1-0"]
[WhiteElo "2586"]
[BlackElo "2557"]
[Annotator "Zakhartsov,Vi"]
[PlyCount "73"]
[EventDate "2010.06.12"]
[EventType "swiss"]
[EventRounds "9"]
[EventCountry "RUS"]
[SourceTitle "CBM 137"]
[Source "ChessBase"]
[SourceDate "2010.07.15"]
[SourceVersion "1"]
[SourceVersionDate "2010.07.15"]
[SourceQuality "1"]

1. Nf3 Nf6 2. c4 c5 3. Nc3 e6 4. g3 b6 5. Bg2 Bb7 6. O-O d6 7. Re1 Nbd7 (7...
Be7 {or}) (7... a6 8. e4 Be7 {are more precise}) 8. e4 a6 9. d4 cxd4 10. Nxd4
Qc7 (10... Be7 $2 11. e5) 11. Nd5 $1 {Of course! This sacrifice is a typical
one in such positions.} exd5 (11... Qxc4 {would be even worse due to} 12. Bg5
exd5 (12... Nxd5 13. exd5 Bxd5 14. Bxd5 Qxd5 15. Nxe6 {! , winning}) 13. exd5+
Ne5 14. f4 Nfd7 15. Nc6) 12. exd5+ Ne5 {Returning the piece.} (12... Kd8 13.
Nc6+ Bxc6 14. dxc6 Nc5 15. b4 Ne6 16. c5 {led to a strong attack in several
games.}) 13. f4 O-O-O 14. fxe5 dxe5 15. Nf3 {This move turned out to be a
novelty.} ({Previously only} 15. Nf5 {has been played.}) 15... Bc5+ (15... Qxc4
16. Nxe5 Qc7 17. Be3 Nxd5 (17... Bxd5 18. Rc1 Bc5 19. Bxc5 bxc5 20. Qa4 Bxg2
21. Kxg2) 18. Rc1 Bc5 19. Bxc5 bxc5 20. Nd3 c4 21. Qg4+ {led to White's
advantage.}) 16. Kh1 Rhe8 (16... Ng4 {would be strongly met by} 17. Bh3 Qd7 18.
Kg2 {with the inevitable threat Nxe5.}) 17. Bg5 Kb8 $2 {A blunder.} (17... h6
18. Bxf6 gxf6 19. Nh4 {, though, gave to White an advantage.}) 18. Nxe5 Ka7 19.
Bxf6 gxf6 20. Nd3 Bd6 21. Rc1 h5 22. b4 (22. Rxe8 Rxe8 23. Qxh5 Re3 24. Qh7 {
was possible, but the straightforward text looks too strong.}) 22... Rg8 23.
Re3 (23. c5 bxc5 24. bxc5 {was strong, but on} Bxg3 {I had missed} 25. c6 $1 (
25. hxg3 $6 Qxg3 26. Qf3 Qh4+ 27. Qh3 Qxh3+ 28. Bxh3 Rxd5 29. Nf4 Rxc5+ {
with excellent drawing chances}) 25... Bxe1 26. cxb7 Bc3 27. Nb4 Rd6 (27... Qc4
28. Qg1+ Bd4 29. Rxc4 Bxg1 30. Nc6+) (27... Qb6 28. b8=Q+ Kxb8 29. Rxc3) 28.
Qf3 Rb6 29. Rxc3 {, winning}) 23... h4 24. c5 hxg3 {(the only chance)} 25. cxd6
Qxd6 26. h3 Rg5 (26... Bxd5 27. Bxd5 Qxd5+ 28. Qf3 {should be winning for
White.}) 27. Qc2 (27. Qf3 Rxd5 28. Ne1) 27... Rd7 (27... Rxd5 28. Qc7) 28. Ne1
$2 {Missing the strong opportunity} (28. Nc5 $1 Rc7 (28... bxc5 29. bxc5 Qf4
30. Rf3 Qc7 31. c6) 29. Rc3 bxc5 (29... Bxd5 30. Ne4 Rxc3 31. Qxc3) 30. bxc5
Qe5 31. c6 Bc8 32. Rb3 {with a decisive attack.}) 28... Qxb4 29. Qb3 (29. Qc3 {
(a move entry mistake, pointed out in TWIC)} Qd6) 29... Qf4 (29... Qd6 {
would have been more tenacious.}) 30. Rb1 b5 (30... Qd6 31. Qb4) 31. Rf3 Qd6
32. Qe3+ Ka8 33. Qf4 Re5 $2 (33... Bxd5 34. Qxd6 Rxd6 35. Rd3) (33... Qxd5 {
was the best try, although} 34. Rc1 {with the idea} Qxa2 35. Rc8+ {!} Bxc8 36.
Ra3+ {would have kept White's advantage.}) 34. Qxf6 Qxd5 35. Rxg3 Qxa2 {
The final error, however} (35... Qd6 {was also hopeless.}) 36. Qxe5 Bxg2+ 37.
Rxg2 1-0

[Event "Bayern-chI Bank Hofmann 15th"]
[Site "Bad Wiessee"]
[Date "2011.11.05"]
[Round "9"]
[White "Zakhartsov, Viacheslav V"]
[Black "Zhigalko, Andrey"]
[Result "1/2-1/2"]
[WhiteElo "2580"]
[BlackElo "2555"]
[Annotator "Zakhartsov,Vi"]
[PlyCount "113"]
[EventDate "2011.10.29"]
[EventType "swiss"]
[EventRounds "9"]
[EventCountry "GER"]
[SourceTitle "EXT 2012"]
[Source "ChessBase"]
[SourceDate "2011.11.24"]
[SourceVersion "1"]
[SourceVersionDate "2011.11.24"]
[SourceQuality "1"]

1. Nf3 c5 2. c4 Nf6 3. Nc3 e6 4. g3 b6 5. Bg2 Bb7 6. O-O Be7 7. Re1 d5 8. cxd5
Nxd5 9. Nxd5 (9. e4 Nb4 10. d4 cxd4 11. Nxd4 {has been analysed up to a draw:}
N8c6 12. Nxc6 Qxd1 13. Rxd1 Bxc6 14. Bf4 g5 15. Bd6 Rd8 16. e5 Bxg2 17. Kxg2
Bxd6 18. exd6 f5 19. Rac1 Kd7 20. Nb5 Rc8 21. Rc7+ Rxc7 22. dxc7+ Nd5 {as has
been played in several games.}) 9... Qxd5 10. d4 cxd4 11. Qxd4 O-O 12. Bg5 Bxg5
13. Qxd5 Bxd5 14. Nxg5 Bxg2 15. Kxg2 {Here White can hope for a small plus 
(but a very small one).} Na6 16. Rac1 Rfd8 17. Red1 ({May be a bit better
would be} 17. Rc4 Rd2 18. Rec1 g6 19. R1c2 Rxc2 20. Rxc2 Rd8 21. Rc4 {with an
edge, Aronian-Grischuk (Nalchik 2009).}) 17... h6 18. Rxd8+ ({On} 18. Nf3 {
I didn't like} Rxd1 19. Rxd1 Rc8 20. Rd7 Rc2 21. Rxa7 Nb4 22. a3 Nd5 {with
sufficient for a draw counterplay:} 23. Ne5 f6 24. Nf3 Rxe2 25. Nd4 Re4 26. Nc6
Re2 27. b4 Ra2) 18... Rxd8 19. Nf3 f6 20. Rc4 Rd7 21. g4 $6 ({Better would be} 
21. Nd4 Rc7 (21... e5 22. Rc8+ Kf7 23. Nc6 Nc5 24. Kf3 {with an edge, although
this should be a draw}) 22. Rc6 $1 e5 23. Rxc7 Nxc7 24. Nf5 Kf8 25. Kf3 a6 26.
Ke4) 21... Rc7 (21... e5 22. Nh4 Kf7 23. Nf5 Nc5 {and Black is fine.}) 22. Rxc7
Nxc7 23. Nd4 Kf7 24. Kf3 a6 25. Ke4 Ke7 26. f4 Kd6 {This ending is completely
equal. But in this last round we both (especially I, having 0,5 point less)
needed to win and have played on.} 27. h4 g6 28. e3 Nd5 29. Nf3 Nb4 30. g5 hxg5
31. hxg5 f5+ 32. Kd4 Nc6+ 33. Kd3 e5 34. Nh4 Ne7 35. fxe5+ Kxe5 36. Nf3+ Kd5
37. Nh4 Ke6 (37... Ke5 $11) 38. e4 Ke5 39. exf5 gxf5 40. Ke3 Nd5+ 41. Kf3 Nb4 {
A risky decision.} (41... Nf4 $11) 42. Ng6+ Kd6 43. Kf4 Ke6 44. Nf8+ Ke7 $6 {
Now White obtains some winning chances. Better was} (44... Kf7 45. Nd7 Ke6 46.
Nxb6 Nd3+ 47. Ke3 Nxb2 48. g6 Nd1+ (48... Kf6 $2 {unexpectedly loses the
knight after} 49. Kd2 f4 50. Kc2 f3 51. Kxb2 f2 52. Nd5+ Kxg6 53. Ne3) 49. Kf4
Nc3 50. g7 Kf7 {with a draw.}) 45. Nh7 Ke6 46. g6 Nd5+ 47. Kg5 b5 (47... f4 48.
Kg4 b5 49. Kf3 Ne7 50. Nf8+ Kf5 51. g7) 48. a3 $2 (48. Nf8+ Ke7 49. g7 {
would give more winning chances:} Kf7 50. Ne6 Ne7 51. Nc7 Kxg7 52. Nxa6 {
, and now Black had to find the only move} Kf8 $1 (52... Kf7 53. Nc7 b4 54. b3
Kg7 55. Na6 Nc6 56. Kxf5 Kf7 57. Nc7 Ke7 58. Nb5 Kd7 59. Ke4 {and White wins:}
Ke6 60. Nd4+) 53. Nc7 b4 54. Kf6 (54. b3 Kf7 55. Na6 Ke6 56. Nxb4 Ke5 {and
Black should make a draw due to his active king.}) 54... b3 $1 {(another only
move)} 55. axb3 (55. a3 Nc8 56. Ne6+ Ke8 57. Nc5 Nd6 58. Nxb3 Nc4 {a draw})
55... Nc6 56. Nd5 Ke8 57. b4 f4 58. b5 Nd4 59. b6 Kd7 60. Ke5 Nc6+ (60... Nb3
61. Nxf4 Kc6 62. Nd5 Na5 63. Kd4 Nb7) 61. Kxf4 Na5 62. b4 Nb7 63. Ke4 Kc6 {
and this should be a draw. Of course, all this is hardly to find over the
board in approaching time-trouble. Now Black's task is much more simple.})
48... a5 49. Nf8+ Ke7 50. g7 Kf7 51. Ne6 Ne7 52. Nd4 Kxg7 53. Nxf5+ (53. Nxb5
Kf7 54. Nd4 a4 55. Nxf5 Nd5 56. Nd6+ Ke6 57. Nc4 Nc7 58. Kf4 Kd5 59. Nb6+ Kc5
60. Nxa4+ Kc4 61. Nc3 Kb3 62. Nd1 Nb5 {draw.}) 53... Kf7 54. Nd6+ Ke6 55. Nxb5
Kd5 56. b4 axb4 57. axb4 1/2-1/2